000 00334nam a2200145Ia 4500
008 191201s2007 xx 000 0 und d
082 _a657.42
_bDRM
100 _aDRURY, Colin
245 0 _aManagement and Cost Accounting
250 _a6th
260 _aN.Delhi
_bThomson
_c2007
300 _a1280
650 _aMBA
942 _2ddc
_cBK
999 _c3103
_d3103